000 00498nam a2200169Ia 4500
003 GCL
008 140319s9999 xx 000 0 eng d
040 _aGCL /
_cGCL
082 0 4 _a060
_bD W
100 1 _aDEPARTMENT OF PUBLIC
245 1 0 _aTHE WORLD CONFERENCES: DEVELOPING PRIORITIES FOR THE 21st CENTURY /
_cDEPARTMENT OF PUBLIC
260 _a[S.N] :
_bDEPARTMANT OF PUBLIC INFORMATION ،
_c1997
300 _a112 P
650 0 4 _aCONFERENCES
650 0 4 _aWORLD CONFIRENCES
942 _2ddc
_cBK
999 _c15177
_d15177